[Event "C.to Provinciale TO"]
[Site "Torino ITA"]
[Date "2012.03.27"]
[Round "6"]
[White "Zanella, Wainer"]
[Black "Lizzari, Nicola"]
[WhiteElo "1629"]
[BlackElo "1844"]
[Result "1/2-1/2"]
[PlyCount "112"]
[EventDate "2012.02.21"]

1. Nf3 d5 2. b4 Nf6 3. Bb2 Nbd7 4. e3 e6 5. a3 a5 6. b5 Be7 7. c4 c6 8. d4 cxb5
9. c5 Nb8 10. Nc3 O-O 11. Nxb5 Bd7 12. a4 b6 13. Rc1 bxc5 14. dxc5 Nc6 15. Bd3
Nb4 16. Bb1 Bc6 17. Ng5 h6 18. h4 Qd7 19. Bxf6 Bxf6 20. Nh7 Bb2 21. Qg4 f5 22.
Nxf8 Rxf8 23. Qd1 Bxc1 24. Qxc1 Bxb5 25. axb5 Qxb5 26. Qc3 Rc8 27. Qe5 Kf7 28.
Bxf5 Nd3+ 29. Bxd3 Qxd3 30. Rh3 Rxc5 31. Rf3+ Kg8 32. Qxe6+ Kh7 33. Qf5+ Qxf5
34. Rxf5 Kg6 35. Rf4 Rc4 36. Rf8 Rxh4 37. Rd8 Rh5 38. Rd6+ Kf7 39. Ra6 Rh1+ 40.
Ke2 Ra1 41. Rd6 Ra2+ 42. Kf3 a4 43. Rxd5 Ke6 44. Ra5 a3 45. g4 Kf6 46. Rf5+ Ke6
47. Ra5 g6 48. Ra6+ Kf7 49. Kg3 Ra1 50. Kf4 a2 51. f3 h5 52. Ra7+ Kf6 53. Ra6+
Ke7 54. Ke5 hxg4 55. Rxg6 Kd7 56. f4 g3 1/2-1/2

[Event "C.to Provinciale TO"]
[Site "Torino ITA"]
[Date "2012.04.03"]
[Round "7"]
[White "Barbonese, Roberto"]
[Black "Vittoria, Giuseppe"]
[WhiteElo "1302"]
[BlackElo "1620"]
[Result "0-1"]
[PlyCount "66"]
[EventDate "2012.02.21"]

1. e4 d6 2. d4 Nf6 3. Nc3 g6 4. Be2 Bg7 5. Nf3 O-O 6. O-O Nbd7 7. Be3 b6 8. Re1
Bb7 9. Bc4 Nxe4 10. Nxe4 Bxe4 11. Ng5 Bb7 12. c3 d5 13. Bd3 Nf6 14. h3 Bc8 15.
Nf3 Nd7 16. Qb3 Bb7 17. Re2 a6 18. Rc1 b5 19. c4 dxc4 20. Bxc4 Bxf3 21. gxf3
bxc4 22. Qxc4 Nb6 23. Qxc7 Qxc7 24. Rxc7 Nd5 25. Rd7 Rfd8 26. Rb7 Nxe3 27. fxe3
e6 28. Rc2 Rdc8 29. Ra7 Bh6 30. Rc3 Bxe3+ 31. Kg2 Bxd4 32. Rxc8+ Rxc8 33. Kg3
Rc2 0-1

[Event "C.to Provinciale TO"]
[Site "Torino ITA"]
[Date "2012.04.03"]
[Round "7"]
[White "Baruffa, Marino"]
[Black "Tondo, Stefano"]
[WhiteElo "1918"]
[BlackElo "1752"]
[Result "0-1"]
[PlyCount "128"]
[EventDate "2012.02.21"]

1. e4 d5 2. exd5 Qxd5 3. Nc3 Qd6 4. d4 Nf6 5. Nf3 Bg4 6. Be3 c6 7. Bc4 e6 8. h3
Bxf3 9. Qxf3 Qb4 10. Bb3 Nd5 11. a3 Qa5 12. Bd2 Bb4 13. Bxd5 cxd5 14. O-O Bxc3
15. Bxc3 Qc7 16. Rfe1 O-O 17. Rac1 Nc6 18. Qe3 a5 19. Bd2 b5 20. c3 a4 21. Qg5
f6 22. Qg4 e5 23. Qe6+ Kh8 24. Qxd5 Rab8 25. Qc5 Rfc8 26. d5 Na5 27. Qxc7 Rxc7
28. Rcd1 Rd7 29. Be3 Nc4 30. Re2 Rbd8 31. f4 Rxd5 32. Rde1 Rd1 33. fxe5 Nxe5
34. Bd4 Rxe1+ 35. Rxe1 Rd5 36. Kf1 Kg8 37. Re2 Kf7 38. Ke1 Nc6 39. Be3 Na5 40.
Bd4 Nb3 41. Be3 h5 42. Rc2 Na1 43. Rf2 Nb3 44. Rf4 g5 45. Rb4 Na1 46. Re4 Nc2+
47. Ke2 f5 48. c4 bxc4 49. Rxc4 Nxe3 50. Kxe3 Re5+ 51. Kd3 Ra5 52. Rc6 Rb5 53.
Kc3 Rb3+ 54. Kc2 Rg3 55. Ra6 Rxg2+ 56. Kb1 Rg1+ 57. Ka2 f4 58. Rxa4 f3 59. Ra7+
Kg6 60. Ra8 f2 61. Rf8 f1=Q 62. Rxf1 Rxf1 63. a4 g4 64. hxg4 hxg4 0-1

[Event "C.to Provinciale TO"]
[Site "Torino ITA"]
[Date "2012.04.03"]
[Round "7"]
[White "Benenati, Gianfranco"]
[Black "Quirico, Paolo"]
[WhiteElo "1847"]
[BlackElo "2159"]
[Result "1/2-1/2"]
[PlyCount "78"]
[EventDate "2012.02.21"]

1. e4 c5 2. Nf3 g6 3. d4 cxd4 4. Nxd4 Nc6 5. Be3 Bg7 6. Nc3 Nf6 7. Be2 O-O 8.
O-O d6 9. Qd2 Ng4 10. Bxg4 Bxg4 11. f3 Bd7 12. Nxc6 bxc6 13. Rab1 Qa5 14. Bd4
Bxd4+ 15. Qxd4 Qb6 16. Ne2 Qxd4+ 17. Nxd4 c5 18. Ne2 f5 19. Nc3 fxe4 20. Nxe4
Bf5 21. Rfe1 Rab8 22. b3 Rb4 23. c4 a5 24. Rb2 Bxe4 25. Rxe4 Rb7 26. Rbe2 Re8
27. h4 Kf7 28. Rf4+ Kg7 29. g4 a4 30. bxa4 Ra8 31. Rfe4 e5 32. f4 exf4 33. Rxf4
Rxa4 34. Rd2 d5 35. Rxd5 Rb1+ 36. Kg2 Rxa2+ 37. Rf2 Ra5 38. g5 Rb7 39. Rfd2 Rc7
1/2-1/2

[Event "C.to Provinciale TO"]
[Site "Torino ITA"]
[Date "2012.04.03"]
[Round "7"]
[White "Castaldo, Folco"]
[Black "Malano, Francesco"]
[WhiteElo "2417"]
[BlackElo "1952"]
[Result "1/2-1/2"]
[PlyCount "110"]
[EventDate "2012.02.21"]

1. e4 c5 2. Nf3 Nc6 3. Bb5 Qb6 4. Nc3 e6 5. Bxc6 Qxc6 6. d4 cxd4 7. Nxd4 Qc7 8.
O-O a6 9. Re1 d6 10. Bf4 e5 11. Nd5 Qd8 12. Be3 Nf6 13. Nb3 Nxd5 14. Qxd5 Be7
15. Rad1 O-O 16. Rd2 Rb8 17. f4 Be6 18. Qa5 Qxa5 19. Nxa5 f6 20. f5 Bf7 21. Bb6
Rfc8 22. Ree2 d5 23. exd5 Bc5+ 24. Bxc5 Rxc5 25. b4 Rxd5 26. Rxd5 Bxd5 27. c4
b6 28. cxd5 bxa5 29. bxa5 Rb5 30. d6 Rd5 31. Rb2 Rxd6 32. Rb6 Rd1+ 33. Kf2 Rd2+
34. Kf3 Rxa2 35. Rxa6 Ra1 36. Ra8+ Kf7 37. a6 g6 38. g4 gxf5 39. gxf5 Kg7 40.
a7 Kh6 41. Ke3 Kg7 42. Kf3 Kh6 43. Ke3 Kh5 44. Kf3 Kh4 45. Ke3 Kh3 46. Rf8 Rxa7
47. Rxf6 Kg4 48. Ke4 Kg5 49. Rf8 Ra4+ 50. Kxe5 Ra5+ 51. Ke6 Ra6+ 52. Ke5 Ra5+
53. Ke4 Ra4+ 54. Ke3 Ra3+ 55. Ke4 Ra4+ 1/2-1/2

[Event "C.to Provinciale TO"]
[Site "Torino ITA"]
[Date "2012.04.03"]
[Round "7"]
[White "Di Chiara, Mauro"]
[Black "Finocchiaro, Gianluca"]
[WhiteElo "2008"]
[BlackElo "2082"]
[Result "0-1"]
[PlyCount "82"]
[EventDate "2012.02.21"]

1. d4 d6 2. Nf3 Bg4 3. Nbd2 Nf6 4. e4 Nbd7 5. h3 Bh5 6. Bd3 e5 7. c3 c6 8. Qb3
Qc7 9. O-O Be7 10. a4 a5 11. Re1 O-O 12. Nh4 Rfe8 13. Nf5 Bf8 14. Nf1 exd4 15.
cxd4 Bg6 16. N1g3 d5 17. e5 c5 18. Qd1 Ne4 19. Nxe4 dxe4 20. Bxe4 cxd4 21. Nxd4
Qxe5 22. Nf3 Qc7 23. Bxg6 hxg6 24. Be3 Bb4 25. Rc1 Qd8 26. Bd2 Rxe1+ 27. Qxe1
Bxd2 28. Qxd2 Nb6 29. Qxd8+ Rxd8 30. Rc7 Rd7 31. Rxd7 Nxd7 32. Nd4 Nc5 33. b3
Kf8 34. Kf1 Ke7 35. Ke2 Kd6 36. Ke3 Ke5 37. g4 g5 38. Nf5 Nxb3 39. Nxg7 b5 40.
axb5 a4 41. Kd3 a3 0-1

[Event "C.to Provinciale TO"]
[Site "Torino ITA"]
[Date "2012.04.03"]
[Round "7"]
[White "Marvin, Elio"]
[Black "Fassero, Fabrizio"]
[WhiteElo "1688"]
[BlackElo "1724"]
[Result "1-0"]
[PlyCount "60"]
[EventDate "2012.02.21"]

1. e4 e6 2. d4 d5 3. e5 c5 4. c3 Nc6 5. Nf3 Qb6 6. a3 Bd7 7. Be2 c4 8. O-O Be7
9. Nbd2 Na5 10. Rb1 Nb3 11. Nxb3 Ba4 12. Nfd2 Rc8 13. Qe1 Bxb3 14. f4 Bc2 15.
Ra1 Nh6 16. g4 Qd8 17. g5 Nf5 18. Nf3 h6 19. h4 hxg5 20. fxg5 Be4 21. Qf2 Kd7
22. Bd2 Bxf3 23. Qxf3 Rxh4 24. Qg2 Qh8 25. Rxf5 exf5 26. Qxd5+ Kc7 27. Bf3 Rh3
28. Bg2 Rg3 29. Bf4 Rg4 30. Rf1 Bxg5 1-0

[Event "C.to Provinciale TO"]
[Site "Torino ITA"]
[Date "2012.04.03"]
[Round "7"]
[White "Paoli, Mario"]
[Black "Iacomussi, Mario"]
[WhiteElo "1812"]
[BlackElo "1729"]
[Result "1-0"]
[PlyCount "37"]
[EventDate "2012.02.21"]

1. d4 f5 2. Bf4 Nf6 3. c4 e6 4. Nc3 c6 5. e3 g6 6. Nf3 Bg7 7. Bd3 d6 8. Qb3 O-O
9. O-O Na6 10. Rad1 Nh5 11. Bg5 Bf6 12. Bxf6 Qxf6 13. c5 dxc5 14. Bxa6 bxa6 15.
dxc5 Qe7 16. Rd6 Ng7 17. Nd4 Qf7 18. Nxc6 Bb7 19. Ne5 1-0

[Event "C.to Provinciale TO"]
[Site "Torino ITA"]
[Date "2012.04.03"]
[Round "7"]
[White "Parisi, Gianmario"]
[Black "Lizzari, Nicola"]
[WhiteElo "1768"]
[BlackElo "1844"]
[Result "1/2-1/2"]
[PlyCount "79"]
[EventDate "2012.02.21"]

1. e4 c5 2. Nc3 d6 3. g3 Nc6 4. Bg2 Nf6 5. Nge2 e5 6. O-O g6 7. d3 Bg7 8. Bg5
Be6 9. Nd5 Bxd5 10. exd5 Ne7 11. c4 O-O 12. Qd2 h5 13. Rae1 Nh7 14. Bh6 Nf5 15.
Bxg7 Nxg7 16. f4 exf4 17. Qxf4 Qd7 18. Nc3 g5 19. Qd2 a6 20. Ne4 f6 21. Rf2
Rad8 22. Ref1 Qe7 23. Re2 f5 24. Nxc5 Qf6 25. Ne6 Nxe6 26. Rxe6 Qd4+ 27. Kh1 h4
28. Qc3 Qxc3 29. bxc3 hxg3 30. hxg3 Rf7 31. Rfe1 Nf8 32. Re7 Rd7 33. Rxf7 Kxf7
34. Kg1 Re7 35. Rxe7+ Kxe7 36. a4 b6 37. Kf2 Nd7 38. d4 a5 39. Ke3 Kf6 40. Bf3
1/2-1/2

[Event "C.to Provinciale TO"]
[Site "Torino ITA"]
[Date "2012.04.03"]
[Round "7"]
[White "Ravazzolo, Gaia"]
[Black "Bosetti, Roberto"]
[WhiteElo "1707"]
[BlackElo "1874"]
[Result "1/2-1/2"]
[PlyCount "39"]
[EventDate "2012.02.21"]

1. d4 Nf6 2. c4 e6 3. Nf3 b6 4. g3 Bb7 5. Bg2 Be7 6. O-O O-O 7. Nc3 d5 8. Ne5
Qc8 9. cxd5 Nxd5 10. e4 Nxc3 11. bxc3 Nd7 12. Bf4 Nf6 13. Re1 Rd8 14. Qb3 a5
15. Rac1 a4 16. Qd1 Ra5 17. Nc4 Ra7 18. Qc2 b5 19. Ne5 c5 20. Qb2 1/2-1/2

[Event "C.to Provinciale TO"]
[Site "Torino ITA"]
[Date "2012.04.03"]
[Round "7"]
[White "Yao, Stefano"]
[Black "Ravazzolo, Gildo"]
[WhiteElo "1769"]
[BlackElo "1702"]
[Result "1-0"]
[PlyCount "59"]
[EventDate "2012.02.21"]

1. d4 Nf6 2. Nf3 g6 3. c4 Bg7 4. g3 d6 5. Bg2 c6 6. O-O O-O 7. Nc3 Nbd7 8. e4
e5 9. h3 Qe7 10. Be3 Rd8 11. Qd2 Nb6 12. Qe2 exd4 13. Bxd4 Be6 14. b3 d5 15.
cxd5 cxd5 16. e5 Nfd7 17. Qe3 Rac8 18. Nb5 Qb4 19. Nd6 Rc7 20. a3 Qa5 21. Ng5
Nxe5 22. Nxe6 fxe6 23. Bxe5 Bxe5 24. Qxe5 Re7 25. Rfd1 Qc3 26. Ne4 Qc2 27. Nf6+
Kf8 28. Ng4 Nd7 29. Qh8+ Kf7 30. Nh6# 1-0

[Event "C.to Provinciale TO"]
[Site "Torino ITA"]
[Date "2012.04.03"]
[Round "7"]
[White "Zanatta, Aldo"]
[Black "Fassio, Francesco"]
[WhiteElo "1650"]
[BlackElo "1623"]
[Result "0-1"]
[PlyCount "60"]
[EventDate "2012.02.21"]

1. d4 d5 2. Nf3 Nf6 3. c4 c6 4. cxd5 cxd5 5. Nc3 Nc6 6. e3 e6 7. a3 a6 8. Bd3
Bd6 9. O-O O-O 10. Bd2 e5 11. dxe5 Nxe5 12. Nxe5 Bxe5 13. f4 Bc7 14. Be1 Ng4
15. Qd2 Re8 16. Bf2 Nxe3 17. Bxe3 d4 18. Bxd4 Qxd4+ 19. Kh1 Bf5 20. Rad1 Rad8
21. Rf3 Bxd3 22. Rxd3 Qxd3 23. Qc1 Qe3 24. Qxe3 Rxe3 25. Rf1 Bxf4 26. g3 Bc7
27. Na4 Red3 28. Nc5 Rd1 29. Rxd1 Rxd1+ 30. Kg2 Rd2+ 0-1